MARC

LEADER 00000nam0a2200000 4500
001 82420
005 20231031095716.0
035 |a (RuTPU)RU\TPU\book\88568 
090 |a 82420 
100 |a 20051003d1987 m y0rusy50 ca 
101 0 |a rus 
102 |a RU 
105 |a a j 001zy 
200 1 |a Автоматическое регулирование в газовой промышленности  |f Р. К. Лебедев, В. А. Салащенко 
210 |a Москва  |c Недра  |d 1987 
215 |a 200 с.  |c ил. 
320 |a Библиогр.: с. 195 
610 1 |a газовая промышленность 
610 1 |a автоматическое регулирование 
610 1 |a устойчивость 
610 1 |a технические средства 
610 1 |a электрические регуляторы 
610 1 |a гидравлические регуляторы 
610 1 |a учебные пособия 
610 1 |a учебные пособия 
675 |a 622.324:65.011.5(075.8)  |v 3 
700 1 |a Лебедев  |b Р. К.  |g Роман Кириллович 
701 1 |a Салащенко  |b В. А.  |g Владимир Андреевич 
801 1 |a RU  |b 63413507  |c 20051003  |g PSBO 
801 2 |a RU  |b 63413507  |c 20051209  |g PSBO 
942 |c BK